Geography - USA Quiz - Statistics

General Stats
  • This quiz has been taken 110 times
  • The average score is 11 of 15
Answer Stats
Hint Answer % Correct
The Grand Canyon State Arizona
96%
The Youngest State Hawaii
95%
The Lone Star State Texas
93%
Its Capital is "Topeka" Kansas
89%
Its Capital is Augusta Maine
89%
The First State Delaware
88%
Shares a name with a country Georgia
86%
One of its major Cities is Omaha Nebraska
82%
The Least Popular Wyoming
77%
The Maple Syrup State Vermont
71%
The Hawkeye State Iowa
69%
You get paid to live in _______ Alaska
67%
The 19th state to enter the Union Indiana
46%
Founded on January 5th New Hampshire
34%
The Produce State New Jersey
32%
No matching quizzes found
Score Distribution
Percent of People with Each Score
Percentile by Number Answered
Your Score History
You have not taken this quiz